Music Quiz

Random Music or Album Quiz

Carbon Leaf Studio Albums Quiz Stats

 Plays Quiz not verified by Sporcle

Also try: History In Song II
Challenge
Share
Tweet
Embed
Score 0/12 Timer 06:00
0 Plays Today
Year Album % Correct
2001Echo Echo
88.9%
2004Indian Summer
83.3%
2006Love, Loss, Hope, Repeat
83.3%
2016Nothing Rhymes with Woman 2016
83.3%
2009Nothing Rhymes with Woman
77.8%
2013Ghost Dragon Attacks Castle
61.1%
1999Ether-Electrified Porch Music
55.6%
2013Constellation Prize
55.6%
1995Meander
50%
1997Shadows in the Banquet Hall
44.4%
2014Indian Summer Revisited
44.4%
2015Love Loss Hope Repeat Reneaux
33.3%

You're not logged in!

Compare scores with friends on all Sporcle quizzes.
OR
Log In

You Might Also Like...

Show Comments

Extras

Top Quizzes Today


Score Distribution

Your Account Isn't Verified!

In order to create a playlist on Sporcle, you need to verify the email address you used during registration. Go to your Sporcle Settings to finish the process.

Report this User

Report this user for behavior that violates our Community Guidelines.

Details: